| Tag |
First Indicator |
Second Indicator |
Subfields |
| LEADER |
00000cam a2200000Ii 4500 |
| 001 |
in00003774582 |
| 005 |
20170927135012.0 |
| 008 |
160406t20162016cau b 000 0 eng d |
| 020 |
|
|
|a 9780833094162
|q (paperback)
|
| 020 |
|
|
|a 0833094165
|q (paperback)
|
| 035 |
|
|
|a (OCoLC)ocn946058952
|
| 040 |
|
|
|a YDXCP
|b eng
|e rda
|c YDXCP
|d BDX
|d WNC
|d INU
|d OCLCO
|d OCLCF
|d TXA
|d UtOrBLW
|
| 043 |
|
|
|a a-cc---
|
| 049 |
|
|
|a TXAM
|
| 050 |
|
4 |
|a AS36
|b .R2928 no. 1366
|
| 050 |
|
4 |
|a UA835
|b .C395 2016
|
| 100 |
1 |
|
|a Chase, Michael,
|e author.
|0 http://id.loc.gov/authorities/names/n2002012192
|
| 245 |
1 |
0 |
|a China's evolving approach to "integrated strategic deterrence" /
|c Michael S. Chase, Arthur Chan.
|
| 264 |
|
1 |
|a Santa Monica, Calif. :
|b Rand Corporation,
|c 2016.
|
| 264 |
|
4 |
|c ©2016
|
| 300 |
|
|
|a xiii, 63 pages ;
|c 23 cm.
|
| 336 |
|
|
|a text
|b txt
|2 rdacontent
|
| 337 |
|
|
|a unmediated
|b n
|2 rdamedia
|
| 338 |
|
|
|a volume
|b nc
|2 rdacarrier
|
| 490 |
1 |
|
|a [Research report] ;
|v RR-1366-TI
|
| 520 |
8 |
|
|a "This report finds that China's strategic-deterrence concepts are evolving in response to a changing assessment of its external security environment and a growing emphasis on protecting its emerging interests in space and cyberspace" --
|c Publisher's description.
|
| 504 |
|
|
|a Includes bibliographical references (pages 57-63)
|
| 530 |
|
|
|a Also available online.
|
| 651 |
|
0 |
|a China
|x Military policy
|y 21st century.
|
| 650 |
|
0 |
|a National security
|z China
|y 21st century.
|
| 650 |
|
0 |
|a Cyberterrorism
|z China.
|
| 650 |
|
0 |
|a Information warfare
|z China.
|
| 650 |
|
0 |
|a Nuclear nonproliferation
|z China.
|
| 651 |
|
0 |
|a China
|x Strategic aspects
|y 21st century.
|
| 650 |
|
0 |
|a Network-centric operations (Military science)
|0 http://id.loc.gov/authorities/subjects/sh2009009407
|
| 650 |
|
0 |
|a Space warfare.
|0 http://id.loc.gov/authorities/subjects/sh85126016
|
| 650 |
|
7 |
|a Cyberterrorism.
|2 fast
|0 (OCoLC)fst00885802
|
| 650 |
|
7 |
|a Information warfare.
|2 fast
|0 (OCoLC)fst00973186
|
| 650 |
|
7 |
|a Military policy.
|2 fast
|0 (OCoLC)fst01021386
|
| 650 |
|
7 |
|a National security.
|2 fast
|0 (OCoLC)fst01033711
|
| 650 |
|
7 |
|a Network-centric operations (Military science)
|2 fast
|0 (OCoLC)fst01749517
|
| 650 |
|
7 |
|a Nuclear nonproliferation.
|2 fast
|0 (OCoLC)fst01040376
|
| 650 |
|
7 |
|a Space warfare.
|2 fast
|0 (OCoLC)fst01128112
|
| 650 |
|
7 |
|a Strategic aspects of individual places.
|2 fast
|0 (OCoLC)fst01355062
|
| 651 |
|
7 |
|a China.
|2 fast
|0 (OCoLC)fst01206073
|
| 648 |
|
7 |
|a 2000 - 2099
|2 fast
|
| 700 |
1 |
|
|a Chan, Arthur
|c (Of Rand Corporation),
|e author.
|0 http://id.loc.gov/authorities/names/no2016059331
|
| 710 |
2 |
|
|a Rand Corporation,
|e issuing body.
|0 http://id.loc.gov/authorities/names/n78083407
|
| 830 |
|
0 |
|a Research report (Rand Corporation) ;
|v RR-1366-TI.
|0 http://id.loc.gov/authorities/names/no2013072664
|
| 856 |
4 |
1 |
|u http://www.rand.org/content/dam/rand/pubs/research_reports/RR1300/RR1366/RAND_RR1366.pdf
|z Click here to access
|t 0
|
| 948 |
|
|
|a cataloged
|b h
|c 2016/5/10
|d c
|e ceaton
|f 12:15:50 pm
|
| 994 |
|
|
|a C0
|b TXA
|
| 999 |
f |
f |
|s caecea40-c118-314b-8f66-d0eeed402a9a
|i 1443b9d9-42b0-3094-a6a9-1ce51850d341
|t 0
|
| 952 |
f |
f |
|p normal
|a Texas A&M University
|b College Station
|c Sterling C. Evans Library
|d Evans: Library Stacks
|t 0
|e UA835 .C395 2016
|h Library of Congress classification
|i unmediated -- volume
|m A14843500894
|
| 998 |
f |
f |
|a UA835 .C395 2016
|t 0
|l Evans: Library Stacks
|